| 000 | 00460nam a2200181Ia 4500 | ||
|---|---|---|---|
| 001 | 8382 | ||
| 005 | 20260306160605.0 | ||
| 008 | 260306t1975||||xx |||||||||||||| ||spa|| | ||
| 041 | _aESP | ||
| 082 |
_a370.7 _bS13 |
||
| 100 |
_aSachs Adams, Georgia _eAUT |
||
| 245 | 0 |
_aMedición y evaluación: _ben educaciòn, psicologìa y "guidance" |
|
| 260 | _c1975 | ||
| 300 |
_a820 páginas : _c25 cm. |
||
| 650 | _aGEN | ||
| 654 | _aCED | ||
| 942 |
_cLIB _dJUS _fJUS _2ddc _n |
||
| 999 |
_c8382 _d8382 |
||